AU LIBRARIES
Centralized Library System Across Seven Campuses

1984 (Record no. 47401)

MARC details
000 -LEADER
fixed length control field 00359nam a2200157 4500
005 - DATE AND TIME OF LATEST TRANSACTION
control field 20260525122516.0
008 - FIXED-LENGTH DATA ELEMENTS--GENERAL INFORMATION
fixed length control field 260427b |||||||| |||| 00| 0 eng d
020 ## - INTERNATIONAL STANDARD BOOK NUMBER
ISBN 9780547249643
082 ## - DEWEY DECIMAL CLASSIFICATION NUMBER
Classification number 823.912
Author Mark ORW-1
100 ## - MAIN ENTRY--AUTHOR
Author Name Orwell George
245 ## - TITLE STATEMENT
Title 1984
260 ## - PUBLICATION, DISTRIBUTION, ETC.
Place of Publication London
Name of publisher, distributor, etc. Arcturus Publishing
300 ## - PHYSICAL DESCRIPTION
Pages 317p
650 ## - SUBJECT ADDED ENTRY--TOPICAL TERM
Subject / Department English
942 ## - ADDED ENTRY ELEMENTS (KOHA)
Koha item type Book
Holdings
Withdrawn status Lost status Damaged status Not for loan Collection code Permanent Location Current Location Shelving Location Date acquired Source of acquisition Inventory number Total Checkouts Full Call Number Accession No./Barcode Date last seen Koha item type
        English Air University H-11 Campus Islamabad Air University H-11 Campus Islamabad English Literature 04/27/2026 Ali Book Services AUH11-01   823.912 ORW-I AUHEP0001 04/27/2026 Book
Air University Sector E-9, Islamabad Pakistan
Email: librarian@au.edu.pk  Tel : +0092 51 9262612 Ext: 631